Uso de aditivos para la modificación y posterior reuso de ligante obtenido de capas asfálticas removidas
Gorde:
| Egile nagusia: | |
|---|---|
| Formatua: | Liburua |
| Argitaratua: |
San José, C.R.
2001
|
| Gaiak: | |
| Etiketak: |
Etiketa erantsi
Etiketarik gabe, Izan zaitez lehena erregistro honi etiketa jartzen!
|
MARC
| LEADER | 00000nam a2200000Ia 4500 | ||
|---|---|---|---|
| 003 | 008862 | ||
| 005 | 20221231144158.0 | ||
| 008 | 140114s2001 cr a m 000 ||s d | ||
| 040 | |c cru CEDI | ||
| 090 | |a TFG 4420 | ||
| 100 | |a Irias Alvarez, Adriana |9 7549 | ||
| 245 | |a Uso de aditivos para la modificación y posterior reuso de ligante obtenido de capas asfálticas removidas | ||
| 260 | |c 2001 |a San José, C.R. | ||
| 300 | |a v, 172 hojas : ilustraciones | ||
| 500 | |a Proyecto de graduación (licenciatura en ingeniería química)--Universidad de Costa Rica. Facultad de Ingeniería. Escuela de Ingeniería Química | ||
| 650 | |x ASFALTO |x MEZCLAS DE EMULSION ASFALTICA |x CONVERSION DE RESIDUOS DE PAVIMENTOS DE ASFALTO |x PRUEBAS |9 7550 | ||
| 942 | |c TFG | ||
| 999 | |c 18019 |d 18019 | ||
